The Effect of Iron-Containing Powders on Chemical Compositions of Oils; Procedia Chemistry; Vol. 15 : Chemistry and Chemical Engineering in XXI century (CCE 2015)

Dades bibliogràfiques
Parent link:Procedia Chemistry
Vol. 15 : Chemistry and Chemical Engineering in XXI century (CCE 2015).— 2015.— [P. 127-133]
Autor principal: Golushkova E. B. Evgeniya Borisovna
Autor corporatiu: Национальный исследовательский Томский политехнический университет (ТПУ) Институт физики высоких технологий (ИФВТ) Кафедра общей химии и химической технологии (ОХХТ)
Altres autors: Abramov A. O. Artem, Kovalenko E. Yu. Elena
Sumari:Title screen
The effect of a composite material based on micron iron powder, modified with cobalt and nickel ions on the composition of oils with different contents of heteroatoms and resin-asphaltene components (a mixture of West Siberian light oils and Usinskaya heavy oil) is studied. It is shown using analytical methods, including elemental and structural group analysis, GC-MS, IR and {1}H-NMR - spectroscopy that a composite based on micron sized iron powder modified with cobalt and nickel ions could be used for pretreatment of hydrocarbon feedstock with high content of heteroatom components. It is found out during treatment of the mixture of light West Siberian oil that its qualitative composition remains virtually invariable. Heavy oil treatment from the Usinskoye oil field using composite results in a decreased concentration of nitrogen and organic sulfur compounds.
Режим доступа: по договору с организацией-держателем ресурса
Idioma:anglès
Publicat: 2015
Matèries:
Accés en línia:http://dx.doi.org/10.1016/j.proche.2015.10.020
http://earchive.tpu.ru/handle/11683/15043
Format: MixedMaterials Electrònic Capítol de llibre
KOHA link:https://koha.lib.tpu.ru/cgi-bin/koha/opac-detail.pl?biblionumber=645334

MARC

LEADER 00000nla2a2200000 4500
001 645334
005 20240126162942.0
035 |a (RuTPU)RU\TPU\network\10418 
035 |a RU\TPU\network\10416 
090 |a 645334 
100 |a 20151216a2015 k y0engy50 ba 
101 0 |a eng 
105 |a y z 100zy 
135 |a drgn ---uucaa 
181 0 |a i  
182 0 |a b 
200 1 |a The Effect of Iron-Containing Powders on Chemical Compositions of Oils  |f E. B. Golushkova, A. O. Abramov, E. Yu. Kovalenko 
203 |a Text  |c electronic 
300 |a Title screen 
320 |a [References: р. 132-133 (21 tit.)] 
330 |a The effect of a composite material based on micron iron powder, modified with cobalt and nickel ions on the composition of oils with different contents of heteroatoms and resin-asphaltene components (a mixture of West Siberian light oils and Usinskaya heavy oil) is studied. It is shown using analytical methods, including elemental and structural group analysis, GC-MS, IR and {1}H-NMR - spectroscopy that a composite based on micron sized iron powder modified with cobalt and nickel ions could be used for pretreatment of hydrocarbon feedstock with high content of heteroatom components. It is found out during treatment of the mixture of light West Siberian oil that its qualitative composition remains virtually invariable. Heavy oil treatment from the Usinskoye oil field using composite results in a decreased concentration of nitrogen and organic sulfur compounds. 
333 |a Режим доступа: по договору с организацией-держателем ресурса 
461 0 |0 (RuTPU)RU\TPU\network\3889  |t Procedia Chemistry 
463 0 |0 (RuTPU)RU\TPU\network\10324  |t Vol. 15 : Chemistry and Chemical Engineering in XXI century (CCE 2015)  |o XVI International Scientific Conference dedicated to Professor L.P. Kulyov, 25-29 May 2015, Tomsk, Russia  |f National Research Tomsk Polytechnic University (TPU) ; ed. E. I. Korotkova  |v [P. 127-133]  |d 2015 
610 1 |a электронный ресурс 
610 1 |a труды учёных ТПУ 
610 1 |a нефти 
610 1 |a гетероорганические соединения 
610 1 |a металлические порошки 
700 1 |a Golushkova  |b E. B.  |c chemist  |c Associate Professor of Tomsk Polytechnic University, candidate of chemical sciences  |f 1974-  |g Evgeniya Borisovna  |3 (RuTPU)RU\TPU\pers\35931  |9 19072 
701 1 |a Abramov  |b A. O.  |g Artem 
701 1 |a Kovalenko  |b E. Yu.  |g Elena 
712 0 2 |a Национальный исследовательский Томский политехнический университет (ТПУ)  |b Институт физики высоких технологий (ИФВТ)  |b Кафедра общей химии и химической технологии (ОХХТ)  |3 (RuTPU)RU\TPU\col\21253 
801 2 |a RU  |b 63413507  |c 20161121  |g RCR 
856 4 |u http://dx.doi.org/10.1016/j.proche.2015.10.020 
856 4 |u http://earchive.tpu.ru/handle/11683/15043 
942 |c CF